Το ελληνικόν φρόνημα του Μεγάλου Αλεξάνδρου ως διεδηλώθη εν Ασία
Αποθηκεύτηκε σε:
| Κύριος συγγραφέας: | |
|---|---|
| Μορφή: | Βιβλίο |
| Γλώσσα: | Greek |
| Δημοσίευση: |
Αθήναι :
[χ.ό.],
1961
|
| Θέματα: | |
| Ετικέτες: |
Προσθήκη ετικέτας
Δεν υπάρχουν, Καταχωρήστε ετικέτα πρώτοι!
|
MARC
| LEADER | 00000cam a2200000 i 4500 | ||
|---|---|---|---|
| 001 | 1/99270 | ||
| 008 | 081212s1961 gr | ||| |||| ||gre|| | ||
| 035 | |l 10102399 | ||
| 040 | |a GR-MY-UA |b gre |e aacr | ||
| 041 | 0 | |a gre | |
| 082 | 0 | |a 938.174 | |
| 100 | 1 | |a Δασκαλάκης, Απόστολος Β., |d 1900-1982. | |
| 245 | 1 | 3 | |a Το ελληνικόν φρόνημα του Μεγάλου Αλεξάνδρου ως διεδηλώθη εν Ασία |h [ανάτυπο] / |c Απ. Β. Δασκαλάκη |
| 260 | |a Αθήναι : |b [χ.ό.], |c 1961 | ||
| 300 | |a 232 σ.; |c 24 εκ. | ||
| 500 | |a "Ανατύπωσις εκ της επιστημονικής επετηρίδος της Φιλοσοφικής Σχολής του Πανεπιστημίου Αθηνών του έτους 1960-1961" | ||
| 600 | 0 | 7 | |2 nlgaf |a Αλέξανδρος ο Μέγας, |c Βασιλιάς της Μακεδονίας, |d 356-323. |
| 650 | 0 | 0 | |a Hellenism |x History. |
| 651 | 0 | |a Macedonia (Greece) |x History. | |
| 651 | 0 | |a Greece |x History |y Macedonian Expansion, 359-323 B.C. | |
| 852 | |a INST |b RHODES |c AKA |e 20081212 |h 938.174 ΔΑΣ |p 005400031504 |q 005400031504 |t BK |y 0 | ||
| 901 | |a BIBL4-2008-3 | ||
| 909 | |a Ρ |b 156566 | ||
| 970 | |a ΚΟΖΑ |b ΜΑΡΙΑ |z 2008/12/12 | ||